000 00695cam a2200205 4500
001 WB3539-18
008 000000n1999 000 0 eng u
035 _a(Sirsi) u100245
245 _aHousing 'baddies' to be targeted
260 _c1999
490 _aWestern Mail
_v 2 October 1999, 4(1)
520 _aThe Association of Residential Letting Agents (ARLA) is to list bad landlords and tenants on a national database, known as Dart. Details held will only be available to ARLA member firms.
590 _aWB
650 _aASSOCIATION OF RESIDENTIAL LETTING AGENTS
650 _aLANDLORDS
650 _aTENANTS
650 _aDART
690 _aLandlord and tenant
_96252
942 _n0
999 _c60029
_d60029